Statistics for Pokémon that END with T, U, V & W

Click here to take the quiz!

General Stats

  • This quiz has been taken 549 times
    (84 since last reset)
  • The average score is 42 of 118

Answer Stats

HintAnswer% Correct
JohtoCrobat
76%
JohtoCroconaw
76%
KantoGolbat
76%
KantoZubat
72%
JohtoPichu
68%
KantoPikachu
68%
KantoRaichu
68%
UnovaDewott
64%
UnovaOshawott
64%
UnovaPatrat
64%
UnovaSamurott
64%
KantoFearow
60%
KantoSpearow
60%
JohtoFurret
56%
JohtoSentret
52%
SinnohBudew
48%
SinnohKricketot
48%
JohtoMurkrow
48%
JohtoNatu
48%
JohtoRaikou
48%
PaldeaSmoliv
48%
UnovaSwoobat
48%
UnovaWoobat
48%
JohtoXatu
48%
SinnohChatot
44%
KantoDiglett
44%
UnovaGenesect
44%
SinnohHonchkrow
44%
KantoPidgeot
44%
JohtoChinchou
40%
PaldeaDolliv
40%
KantoMew
40%
AlolaRowlet
40%
HoennSwablu
40%
AlolaTorracat
40%
KalosTrevenant
40%
KantoVenonat
40%
KantoBellsprout
36%
HoennCamerupt
36%
GalarDrednaw
36%
SinnohGlameow
36%
JohtoHoothoot
36%
GalarKubfu
36%
UnovaLampent
36%
SinnohMesprit
36%
AlolaMimikyu
36%
SinnohPachirisu
36%
KantoParasect
36%
GalarPolteageist
36%
SinnohRiolu
36%
HoennSwellow
36%
HoennTaillow
36%
AlolaTogedemaru
36%
HoennVolbeat
36%
UnovaWhimsicott
36%
PaldeaWiglett
36%
JohtoWobbuffet
36%
SinnohAbomasnow
32%
KalosChesnaught
32%
KalosFurfrou
32%
GalarGreedent
32%
UnovaLilligant
32%
KalosNoibat
32%
AlolaOranguru
32%
PaldeaPoltchageist
32%
KantoSandshrew
32%
HoennSeedot
32%
HoennSwampert
32%
UnovaUnfezant
32%
GalarUrshifu
32%
HoennWynaut
32%
UnovaBouffalant
28%
PaldeaBrute Bonnet
28%
PaldeaCharcadet
28%
PaldeaChi-Yu
28%
UnovaDucklett
28%
UnovaDurant
28%
KalosGogoat
28%
PaldeaIron Valiant
28%
PaldeaKingambit
28%
AlolaSandygast
28%
GalarSkwovet
28%
HoennSnorunt
28%
HoennSwalot
28%
AlolaTapu Bulu
28%
GalarArctozolt
24%
UnovaAxew
24%
PaldeaBrambleghast
24%
GalarCorviknight
24%
GalarDracozolt
24%
PaldeaGlimmet
24%
UnovaGolett
24%
KalosGourgeist
24%
UnovaKarrablast
24%
AlolaPyukumuku
24%
HoennShuppet
24%
KantoStaryu
24%
HoennSurskit
24%
PaldeaTing-Lu
24%
KalosTyrunt
24%
AlolaBounsweet
20%
GalarCramorant
20%
HoennCrawdaunt
20%
GalarDragapult
20%
UnovaJellicent
20%
GalarNickit
20%
PaldeaPawmot
20%
PaldeaRaging Bolt
20%
AlolaVikavolt
20%
PaldeaBellibolt
16%
GalarCufant
16%
AlolaMarshadow
16%
PaldeaPecharunt
16%
UnovaRufflet
16%
AlolaSalandit
16%
UnovaShelmet
16%
GalarGrapploct
12%
GalarRaboot
8%

Score Distribution

Percentile by Number Answered

Percent of People with Each Score

Your Score History

You have not taken this quiz since the last reset